00605 2200229 4500001002100000005001700021008004100038020001800079035002400097041000800121043001200129082000800141090001800149100002100167245006400188260003200252300002000284650002100304700001800325850001200343999002000355YOGYA-0511000000095920110512131819.0 ind  a979-672-394-8 0010-051100000000958 aInd aYOPDYOG a242 aDEP 242 Suk I aSUKENDAR W.S. FX aIbadah lingkungan rebo awucFX Sukendar W.S., J. Kristanto. aYogyakartabKanisiusc1999. a56 hlm.c15 cm. aPerjamuan Kudus. aKristanto, J. aYOPDYOG aCB-D.11 1999-39